| 000 | 01267nam a22003617a 4500 | ||
|---|---|---|---|
| 001 | 0002089 | ||
| 003 | KOHA_MİRAKIL | ||
| 005 | 20260207001302.0 | ||
| 007 | ta | ||
| 008 | 090213b2008 tu |||gr||||#||||0|tur | | ||
| 020 |
_a9789750605345 _cTL0,01 |
||
| 040 |
_aTR-BiSEU _btur _cTR-BiSEU _erda |
||
| 041 | 0 | _atur | |
| 044 | _ctu | ||
| 050 |
_aTL709.5 _b.K37 2008 |
||
| 100 | 1 | _aKarakoç, T. Hikmet. | |
| 245 | 1 |
_aGTMS : _bgaz türbinli motor sistemleri/ _cT. Hikmet Karakoç ; T. Hikmet Karakoç, Enis T. Turgut. |
|
| 264 | 1 |
_aEskişehir : _bAnadolu Üniversitesi _c2008 |
|
| 300 | _aXVIII, 291 sayfa: resimli; 20 cm. | ||
| 336 |
_ametin _btxt _2rdacontent |
||
| 337 |
_aaracısız _bn _2rdamedia |
||
| 338 |
_acilt _bnc _2rdacarrier |
||
| 490 | 1 |
_aAnadolu Üniversitesi yayınları no ; _v1837. |
|
| 490 | 1 |
_aSivil Havacılık Yüksekokulu yayınları no ; _v17 |
|
| 500 | _aKaynakça var. | ||
| 650 | 0 |
_aUçaklar Gaz türbinleri. _96146 |
|
| 650 | 0 |
_aUçaklar Motorlar. _96147 |
|
| 650 | 0 |
_aAircraft gas turbines. _96148 |
|
| 650 | 0 |
_aJet engines Air intakes Design and construction. _96149 |
|
| 830 | 1 |
_aAnadolu Üniversitesi yayınları no ; _v1837. _96150 |
|
| 830 | 1 |
_aSivil Havacılık Yüksekokulu yayınları no ; _v17 _96151 |
|
| 942 |
_2lcc _cBK |
||
| 999 |
_c2076 _d2076 |
||